Public health law and ethics : a reader /

Сохранить в:
Библиографические подробности
Другие авторы: Gostin, Lawrence O.
Формат:
Опубликовано: Berkeley : University of California Press, c2002.
Серии:California/Milbank books on health and the public ; 4
Предметы:
Online-ссылка:http://www.loc.gov/catdir/bios/ucal052/2001049172.html
http://www.loc.gov/catdir/toc/ucal041/2001049172.html
http://www.loc.gov/catdir/description/ucal042/2001049172.html
Метки: Добавить метку
Нет меток, Требуется 1-ая метка записи!

MARC

LEADER 00000cam a2200000 a 4500
020 |a 9780520231757  |c TZs.63,635/= 
020 |a 0520231759  |c TZs.63,635/= 
040 |a MUL  |b eng.  |e AACR 
082 0 0 |a 344.7304 BIO 
245 0 0 |a Public health law and ethics :  |b a reader /  |c edited by Lawrence O. Gostin. 
260 |a Berkeley :  |b University of California Press,  |c c2002. 
300 |a xxxi, 523 p. :  |b ill. ;  |c 24 cm. 
440 0 |a California/Milbank books on health and the public ;  |v 4 
504 |a Includes bibliographical references (p. 487-507) and index. 
546 |a eng. 
650 0 |a Public health laws  |z United States. 
650 0 |a Public health 
700 1 |a Gostin, Lawrence O. 
856 4 2 |u http://www.loc.gov/catdir/bios/ucal052/2001049172.html 
856 4 1 |u http://www.loc.gov/catdir/toc/ucal041/2001049172.html 
856 4 2 |u http://www.loc.gov/catdir/description/ucal042/2001049172.html 
942 |c BK 
999 |c 1045  |d 1045